Search the Library Catalogue
| 000 -LEADER | |
|---|---|
| fixed length control field | 00533nam a2200181Ia 4500 |
| 008 - FIXED-LENGTH DATA ELEMENTS--GENERAL INFORMATION | |
| fixed length control field | 191130s2008##################000#0#eng## |
| 020 ## - INTERNATIONAL STANDARD BOOK NUMBER | |
| ISBN | 9781407103709 |
| 082 ## - DEWEY DECIMAL CLASSIFICATION NUMBER | |
| Classification number | 823.92 PRI |
| 100 ## - MAIN ENTRY--AUTHOR NAME | |
| Personal name | Priestley, Chris |
| 245 ## - TITLE STATEMENT | |
| Title | Battle of Britain : a second World War Spitfire pilot, 1939-1941 |
| Statement of responsibility, etc | Chris Priestley |
| 260 ## - PUBLICATION, DISTRIBUTION, ETC. (IMPRINT) | |
| Place of publication | New York |
| Name of publisher | Scholastic |
| Year of publication | 2008 |
| 300 ## - PHYSICAL DESCRIPTION | |
| Number of Pages | 122 p. : ill. ; 20 cm |
| 650 ## - SUBJECT ADDED ENTRY--TOPICAL TERM | |
| Topical Term | World War |
| 991 ## - | |
| -- | 176415 |
| Withdrawn status | Lost status | Damaged status | Not for loan | Home library | Current library | Date acquired | Full call number | Accession Number | Price effective from | Koha item type | Shelving location |
|---|---|---|---|---|---|---|---|---|---|---|---|
| Anna Centenary Library | Anna Centenary Library | 13.10.2020 | 823.92 PRI | 354724 | 13.10.2020 | English Books | |||||
| Anna Centenary Library | Anna Centenary Library | 13.10.2020 | 823.92 PRI | 354725 | 13.10.2020 | English Books | 7TH FLOOR, B WING |